Hindu scriptures

Đã lưu trong:
Bibliografiske detaljer
Hovedforfatter: Hindu scriptures
Format: Bog
Sprog:Undetermined
Udgivet: London Everyman's library 1992
Fag:
Tags: Tilføj Tag
Ingen Tags, Vær først til at tagge denne postø!
Thư viện lưu trữ: Trung tâm Học liệu Trường Đại học Cần Thơ
LEADER 00465nam a2200169Ia 4500
001 CTU_47242
008 210402s9999 xx 000 0 und d
082 |a 294.5921 
082 |b H662/1992 
100 |a Hindu scriptures 
245 0 |a Hindu scriptures 
245 0 |c Hindu scriptures, R.C. Zaehner 
260 |a London 
260 |b Everyman's library 
260 |c 1992 
650 |a veda,vedic literature 
980 |a Trung tâm Học liệu Trường Đại học Cần Thơ